000 00274nam a22001097a 4500
008 170110b xxu||||| |||| 00| 0 eng d
020 _a9780763753344
041 _aeng
080 _22ND
_a618.2
245 _aHEALTH PROGRAM PLANNING AND EVALUATION
_cISSEL, L.M
942 _2udc
_cBK
999 _c2652
_d2652